000 00467nam a2200181Ia 4500
008 090123s9999 xx 000 0 und d
082 _b3700
100 _aभारती सुत्र
245 _aअवळदारी
250 _a1
260 _c1974
300 _a397
600 _aभारती सुत्र
630 _aअवळदारी
700 _aभारती सुत्र
730 _aअवळदारी
942 _cBOOK
999 _c41779
_d41779